00245nam a2200109Ia 4500100002100000654001200021245003000033260003600063082001600099300000800115546001200123 aCary/ Howard B.  aWelding aModern Welding technology bprentice hallaNew Jerseyc1979 a671.52bCar a736 aENGLISH